Textbook of medical physiology (Record no. 8108)

MARC details
000 -LEADER
fixed length control field 03048aam a22002051 4500
020 ## - INTERNATIONAL STANDARD BOOK NUMBER
ISBN 9781455770168
050 ## - CALL NUMBER
Classification number QP34.5
Item number .G99
100 ## - AUTHOR
Personal name Guyton, Arthur C.
245 ## - TITLE
Title Textbook of medical physiology
Statement of responsibility, etc Arthur C. Guyton & John E. Hall.
250 ## - EDITION
Edition statement 13th ed.
260 ## - PUBLICATION INFORMATION
Place of publication Philadelphia
Name of publisher Elsevier Saunders
Year of publication 2016
300 ## - DESCRIPTION
Number of Pages xix, 1145p. : ill.;
Dimensions 26cm
500 ## - NOTES
General note Includes bibliographical references and index.
505 ## - FORMATTED CONTENTS NOTE
Table of Content UNIT I Introduction to physiology: The Cell and General Physiology<br/>Chapter 1: Functional Organization of the human body and Control of the "Internal Environment"<br/>Chapter 2: The Cell and Its Functions<br/>Chapter 3: Genetic Control and Protein Synthesis, Cell Function, and Cell Reproduction<br/><br/>UNIT II<br/>Chapter 4: Transport of Substances Through Cell Membranes <br/>Chapter 5: Membrane Potentials and Action Potentials<br/>Chapter 6 : Contraction of Skeletal Muscle<br/>Chapter7. Excitation of Skeletal Muscle : Neuromuscular Transmission and Excitation-Contraction Coupling<br/>Chapter 8 : Excitation and Contraction of Smooth Muscle<br/><br/>UNIT III<br/>Chapter 9 : Cardiac Muscle; the Heart as a Pump and Function of the Heart Valves<br/>Chapter 10: Rhythmical Excitation of the Heart<br/>Chapter 11 : The Normal Electrocardiogram<br/>Chapter 12 : Electrocardiographic Interpretation of Cardiac Muscles and Coronary Blood Flow Abnormalities: Vectorial Analysis<br/>Chapter 13: Cardiac Arrhythmias and Their Electrocardiographic Interpretation<br/><br/>UNIT IV<br/>Chapter 14: Overview of the Circulation; Biophysics of Pressure, Flow, and Resistance<br/>Chapter 15 : Vascular Distensibility and Functions of the Arterial and Venous Systems<br/>Chapter 16: The Microcirculation and Lymphatic System: Capillary Fluid Exchange, Interstitial <br/>Chapter 17 : Local and Humoral Control Tissue Blood Flow<br/>Chapter 18 : Nervous Regulation of the Circulation and Rapid Control of Arterial Pressure<br/>Chapter 19: Role of the Kidney in Long-Term Control of Arterial Pressure and in Hypertension: The Integrated System for Arterial Pressure Regulation<br/>Chapter 20 : Cardiac Output, Venous Return, and Their Regulation<br/>Chapter 21: Muscle Blood Flow and Cardiac Output During Exercise; the Coronary Circulation and Ischemic Heart Disease <br/>Chapter 22: Cardiac Failure <br/>Chapter 23 : Heart Valves and Heart Sounds: Valvular and Congenital Heart Defects<br/>Chapter 24: Circulatory Shock and Its Treatment<br/>UNIT V : The Body Fluids and Kidney <br/>UNIT VI : Blood Cells, Immunity, and Blood Coagulation<br/>UNIT VII : Respiration<br/>UNIT VIII: Aviation, Space, and Deep-Sea Diving Physiology<br/>UNIT IX : The Nervous System: A. General Principles and Sensory Physiology<br/>UNIT X: The Nervous System : B. The Special Senses<br/>UNIT XI: The Nervous System : C. Motor and Integrative Neurophysiology<br/>UNIT XII : Gastrointestinal Physiology<br/>UNIT XIII: Metabolism and Temperature Regulation <br/>UNIT XIV : Endocrinology and Reproduction<br/>
650 ## - SUBJECTS
Topical Term Textbook of Medical Physiology
650 ## - SUBJECTS
Topical Term Physiological Phenomena
650 ## - SUBJECTS
Topical Term Nursing
700 ## - OTHER AUTHORS
Personal name Hall, John E.
942 ## - ADDED ENTRY ELEMENTS (KOHA)
Koha item type Books
Holdings
Withdrawn status Lost status Home library Current library Shelving location Date acquired Source of acquisition Cost, normal purchase price Full call number Accession Number Koha item type
    Methodist University Library Main Methodist University Library Main General Stacks 25/11/2021 Legon Bookshop 487.00 QP34.5 .G99 8422 Books
    Methodist University Library Main Methodist University Library Main General Stacks 25/11/2021 Legon Bookshop 487.00 QP34.5 .G99 8423 Books
Copyright © 2026  MUG Library